| 000 | 00695nam a2200217 a 4500 | ||
|---|---|---|---|
| 001 | BRCA_3751 | ||
| 005 | 20190320204418.0 | ||
| 008 | 201009s1997----nyua---###---#000-0#eng-# | ||
| 020 | _a0962109673 | ||
| 041 | _aeng | ||
| 044 | _anyu | ||
| 050 | 4 |
_aTR395 _b.K73 1997 |
|
| 100 | 1 |
_aKraus, Hans P. _cJr. _99779 |
|
| 245 | 1 | 0 |
_aSun Pictures _bCatalogue Eight : The Rubel Collection _cHans P. Kraus : text by Larry J. Schaaf. |
| 260 |
_aNew York _bHans P. Kraus, Jr., Inc. _cc1997 |
||
| 300 |
_a77 p. _bil. (algunas a color) _c28 cm. _e1 CD-Rom |
||
| 504 | _aIncluye referencias bibliográficas | ||
| 650 | 1 | 4 |
_aCalotipo _vCatálogos _99780 |
| 700 | 1 |
_aSchaaf, Larry J. _d1947- _99781 |
|
| 942 |
_2lcc _cB |
||
| 999 |
_c3480 _d3480 |
||